| 000 | 00382nam a2200121Ia 4500 | ||
|---|---|---|---|
| 008 | 191201s2018 xx 000 0 und d | ||
| 100 | _aGUNDU RAO, P | ||
| 245 | 0 | _aPharmaceutical and medicinal inorganic chemistry inorganic pharmaceutical chemistry ... | |
| 260 |
_bVallabh Pub _aNew delhi _c2018 |
||
| 300 | _a486 | ||
| 650 | _aPharmaceutical Inorganic Chemistry | ||
| 942 |
_2ddc _cBK _01 |
||
| 999 |
_c8224 _d8224 |
||